| 000 | 00551nmm a2200169Ia 4500 | ||
|---|---|---|---|
| 008 | 251105s9999||||xx |||||||||||||||||und|| | ||
| 020 | _a9788437062389 | ||
| 041 | _aspa | ||
| 100 | _aNavarro Faus, Jesús | ||
| 245 | 0 |
_aSueños de ciencia : _b Un viaje al centro de Jules Verne |
|
| 264 |
_a[Madrid, España] : _bPublicaciones de la Universidad de Valencia (PUV), _c2005 |
||
| 300 | _a170 páginas | ||
| 490 | _aSin fronteras | ||
| 650 | _aFrench Literature and language | ||
| 856 | _uhttps://public.digitaliapublishing.com/a/34955 | ||
| 942 | _cCF | ||
| 999 |
_c82328 _d82328 |
||